[Event "V Torneo Settembre Vomero"]
[Site "Napoli ITA"]
[Date "2008.10.16"]
[Round "3"]
[White "La Gatta, Giovanni"]
[Black "De Rosa, Francesco"]
[Result "1-0"]
[WhiteElo "2109"]
[BlackElo "1940"]
[PlyCount "63"]
[EventDate "2008.10.02"]

1. d4 Nf6 2. c4 e5 3. dxe5 Ng4 4. Nf3 Nc6 5. Bf4 Bb4+ 6. Nbd2 Qe7 7. e3 Ngxe5
8. Be2 Bxd2+ 9. Qxd2 d6 10. O-O O-O 11. Rac1 b6 12. b4 Bb7 13. c5 Rfd8 14. cxd6
cxd6 15. a3 Ng6 16. Bg3 Nce5 17. Nd4 h5 18. Bxh5 Qg5 19. Be2 Nh4 20. f3 Neg6
21. Rc7 Bd5 22. Rc2 Qe7 23. e4 Bb7 24. Rfc1 Rab8 25. Nc6 Bxc6 26. Rxc6 Ne5 27.
Rc7 Qf6 28. f4 Neg6 29. Bc4 Rf8 30. Bd5 Ne7 31. e5 dxe5 32. fxe5 1-0

[Event "V Torneo Settembre Vomero"]
[Site "Napoli ITA"]
[Date "2008.10.16"]
[Round "3"]
[White "Longobardi, Giuseppe"]
[Black "Caiazzo, Diego"]
[Result "1-0"]
[WhiteElo "2008"]
[BlackElo "1902"]
[PlyCount "79"]
[EventDate "2008.10.02"]

1. c4 e6 2. g3 Nf6 3. Bg2 d5 4. Nf3 Be7 5. O-O O-O 6. b3 Nbd7 7. cxd5 exd5 8.
Bb2 c6 9. d4 Ne4 10. Nc3 Nxc3 11. Bxc3 Nf6 12. Ne5 Bf5 13. Bb2 h6 14. Rc1 Be4
15. f3 Bh7 16. Qd2 Nd7 17. Nd3 Bg5 18. Nf4 Re8 19. Rfe1 Nb6 20. e3 Qd6 21. Nh3
Be7 22. e4 Qd8 23. e5 Bf5 24. Nf2 a5 25. g4 Bb4 26. Bc3 Bxc3 27. Qxc3 Bh7 28.
Bf1 Qe7 29. a4 Nd7 30. f4 Qb4 31. Bd3 Bxd3 32. Qxd3 Qe7 33. Re3 Nf8 34. Kg2 Ne6
35. Rf3 g5 36. fxg5 Nxg5 37. Rf6 Kg7 38. Qf5 Nh7 39. Rxh6 Ng5 40. Rh5 1-0

[Event "V Torneo Settembre Vomero"]
[Site "Napoli ITA"]
[Date "2008.10.16"]
[Round "3"]
[White "Parente, Giuseppe"]
[Black "Sorrentino, Michele"]
[Result "0-1"]
[WhiteElo "1826"]
[BlackElo "2039"]
[PlyCount "96"]
[EventDate "2008.10.02"]

1. Nf3 Nf6 2. g3 d6 3. Bg2 e5 4. d3 Be7 5. c4 Nc6 6. Nc3 Be6 7. Ng5 Bd7 8. O-O
O-O 9. f4 h6 10. Nf3 Qc8 11. Re1 Re8 12. e3 Bh3 13. Bh1 Qd7 14. Nd5 Rad8 15.
Qa4 Be6 16. e4 Bg4 17. b4 a6 18. b5 axb5 19. cxb5 Nd4 20. Nxd4 Nxd5 21. Qb3
Nxf4 22. gxf4 exd4 23. f5 Bf6 24. Bd2 Qe7 25. Bf4 Bg5 26. Bxg5 Qxg5 27. Qc2
Bd1+ 28. Qg2 Bc2 29. Qxg5 hxg5 30. Kf2 Bxd3 31. a4 Bc2 32. Bf3 Re5 33. Ra2 d3
34. Ke3 Rde8 35. Raa1 Rxf5 36. Bg2 Rfe5 37. Kd2 b6 38. a5 bxa5 39. Rxa5 f5 40.
Ra7 R8e7 41. b6 cxb6 42. Rxe7 Rxe7 43. exf5 Rxe1 44. Bd5+ Kf8 45. Kxe1 Ke7 46.
Be6 Kf6 47. Kd2 Ke5 48. h3 Kd4 0-1

[Event "V Torneo Settembre Vomero"]
[Site "Napoli ITA"]
[Date "2008.10.16"]
[Round "3"]
[White "Parise, Mariano"]
[Black "Miccoli, Livio"]
[Result "0-1"]
[WhiteElo "1547"]
[BlackElo "1589"]
[PlyCount "62"]
[EventDate "2008.10.02"]

1. e4 e6 2. Nc3 d5 3. d3 Nf6 4. e5 Nfd7 5. d4 c5 6. f4 cxd4 7. Qxd4 Nc6 8. Qa4
Bc5 9. Nf3 a6 10. a3 O-O 11. Bd2 Qb6 12. O-O-O Qa7 13. Bd3 b5 14. Qb3 Na5 15.
Qa2 Nc4 16. Bxc4 bxc4 17. Rde1 Nb6 18. Nd1 Na4 19. Bb4 Rb8 20. Bxc5 Qxc5 21. c3
Bd7 22. Nd4 Rb7 23. Re2 Rfb8 24. Rd2 Qb6 25. g4 Nc5 26. Nf2 Ba4 27. h4 Nb3+ 28.
Nxb3 Bxb3 29. Qb1 Qe3 30. Nh3 Ba2 31. Qxa2 Rxb2 0-1

[Event "V Torneo Settembre Vomero"]
[Site "Napoli ITA"]
[Date "2008.10.16"]
[Round "3"]
[White "Ricci, Giuseppe"]
[Black "Falco, Claudio"]
[Result "1/2-1/2"]
[WhiteElo "1910"]
[BlackElo "1416"]
[PlyCount "85"]
[EventDate "2008.10.02"]

1. e4 e5 2. Nf3 Nc6 3. Bb5 d6 4. Nc3 Bd7 5. O-O Nf6 6. d4 Be7 7. Re1 exd4 8.
Nxd4 O-O 9. Nf5 Bxf5 10. exf5 a6 11. Bf1 Re8 12. Bg5 Qd7 13. Qf3 Nd4 14. Qd3
Qxf5 15. Qxd4 Qxg5 16. Re3 Qc5 17. Qd3 Nd7 18. Ne4 Qc6 19. Rae1 Ne5 20. Qe2 Qd7
21. h3 Kf8 22. Qh5 Kg8 23. f4 g6 24. Qh6 Nc6 25. Bd3 d5 26. Ng5 Bxg5 27. Qxg5
d4 28. Rxe8+ Rxe8 29. Rxe8+ Qxe8 30. f5 Qe1+ 31. Kh2 Qe5+ 32. g3 Qe1 33. Qf4
Ne5 34. fxg6 fxg6 35. Be4 Qe2+ 36. Bg2 Qe3 37. Qf6 Qe2 38. Qd8+ Kg7 39. Qxc7+
Kh6 40. Qxb7 Qxc2 41. Qd5 Qe2 42. Qa8 Kg7 43. Qb7+ 1/2-1/2

[Event "V Torneo Settembre Vomero"]
[Site "Napoli ITA"]
[Date "2008.10.16"]
[Round "3"]
[White "Salomone, Raffaele"]
[Black "Giglio, Achille"]
[Result "1/2-1/2"]
[WhiteElo "1529"]
[BlackElo "1615"]
[PlyCount "57"]
[EventDate "2008.10.02"]

1. d4 d5 2. Bf4 Bf5 3. e3 Nf6 4. h3 Nbd7 5. Nf3 h6 6. Bd3 Ne4 7. O-O e6 8. c4
c6 9. c5 Be7 10. Bxe4 dxe4 11. Nfd2 O-O 12. Nc3 Nf6 13. Be5 b6 14. b4 a5 15. a3
Nd5 16. Ndxe4 Bxe4 17. Nxe4 axb4 18. axb4 Nxb4 19. Rxa8 Qxa8 20. Qb3 bxc5 21.
dxc5 Nd5 22. Rb1 Qa7 23. Qc2 Ra8 24. Bd6 Qd7 25. Bxe7 Qxe7 26. Nd6 f5 27. Rb7
Qf6 28. Rb1 Qe5 29. Qb2 1/2-1/2

[Event "V Torneo Settembre Vomero"]
[Site "Napoli ITA"]
[Date "2008.10.23"]
[Round "4"]
[White "Benedetto, Massimo"]
[Black "Salomone, Raffaele"]
[Result "1-0"]
[WhiteElo "2032"]
[BlackElo "1529"]
[PlyCount "75"]
[EventDate "2008.10.02"]

1. Nf3 Nc6 2. d4 d5 3. c4 e6 4. Nc3 Bb4 5. e3 Nf6 6. Bd2 Bxc3 7. Bxc3 O-O 8. b3
a5 9. Bd3 Bd7 10. a3 Ne7 11. Qc2 Ng6 12. h4 Ne7 13. Ne5 Nf5 14. g4 Nd6 15. f3
g6 16. O-O-O Kg7 17. h5 dxc4 18. bxc4 b5 19. c5 Nc4 20. Nxc4 bxc4 21. Bxc4 Nd5
22. Bxd5 exd5 23. hxg6 fxg6 24. Qh2 Rh8 25. Qe5+ Qf6 26. Qxc7 Qc6 27. Qxc6 Bxc6
28. Rh3 a4 29. Rdh1 Rab8 30. Bb4 Rbe8 31. f4 Bd7 32. Rg3 Kf6 33. Kb2 Re4 34.
Rc1 Bc6 35. Rf1 Bd7 36. f5 g5 37. Rh1 Bxf5 38. Rf1 1-0

[Event "V Torneo Settembre Vomero"]
[Site "Napoli ITA"]
[Date "2008.10.23"]
[Round "4"]
[White "Caiazzo, Diego"]
[Black "Della Pietra, Antonio"]
[Result "1-0"]
[WhiteElo "1902"]
[BlackElo "1518"]
[PlyCount "104"]
[EventDate "2008.10.02"]

1. d4 Nf6 2. Nf3 g6 3. Nbd2 Bg7 4. e4 d6 5. Bd3 O-O 6. O-O Nc6 7. c3 e5 8. dxe5
dxe5 9. Qc2 Bg4 10. h3 Be6 11. Rd1 Qe7 12. Nc4 Nxe4 13. Ncxe5 Nxe5 14. Bxe4
Nxf3+ 15. Bxf3 c6 16. Be3 Qf6 17. Qe4 Bd5 18. Qg4 Bxf3 19. Qxf3 Qxf3 20. gxf3
b6 21. Rd7 Rfd8 22. Rad1 Rxd7 23. Rxd7 Kf8 24. Kf1 Ke8 25. Rc7 c5 26. Ke2 Be5
27. Rb7 h5 28. Bg5 Bh8 29. Bf4 Bf6 30. Bb8 a6 31. Rxb6 Be7 32. Rb7 Bf6 33. Bd6
Rc8 34. Rb6 a5 35. Rb5 Kd7 36. Bxc5 Bd8 37. Bd4 Bc7 38. Kd2 Kc6 39. Rc5+ Kd7
40. Be5 f6 41. Rxc7+ Rxc7 42. Bxc7 Kxc7 43. Kd3 Kc6 44. Kd4 Kb6 45. c4 Kc6 46.
b3 Kb6 47. Kd5 Kc7 48. a3 f5 49. Ke5 Kc6 50. h4 Kc5 51. Kf6 Kd4 52. Kxg6 Kc3
1-0

[Event "V Torneo Settembre Vomero"]
[Site "Napoli ITA"]
[Date "2008.10.23"]
[Round "4"]
[White "Cangiano, Federico"]
[Black "Garano, Nicola"]
[Result "0-1"]
[WhiteElo "1963"]
[BlackElo "2251"]
[PlyCount "108"]
[EventDate "2008.10.02"]

1. d4 Nf6 2. Nf3 g6 3. Nbd2 d5 4. e3 Bg7 5. Be2 O-O 6. O-O Nbd7 7. a4 c5 8. c3
b6 9. b4 Ne4 10. Qb3 Ndf6 11. Ne5 Nxd2 12. Bxd2 Ne4 13. Nf3 g5 14. Rfd1 c4 15.
Qb2 Bg4 16. h3 Bh5 17. a5 b5 18. Be1 f6 19. Nh2 Bg6 20. f3 Nd6 21. Bf2 f5 22.
Qd2 h5 23. Bg3 Nf7 24. a6 Qd7 25. Ra5 h4 26. Bf2 Nd6 27. Nf1 Rab8 28. Raa1 Rb6
29. Qa2 Bh5 30. Nd2 Bh6 31. Kh1 Qe6 32. Nf1 Kh8 33. g3 Qf6 34. Nh2 hxg3 35.
Bxg3 f4 36. Bf2 fxe3 37. Bxe3 Nf5 38. Bf2 Re6 39. Ng4 Bxg4 40. hxg4 Ne3 41.
Bxe3 Rxe3 42. Qd2 Qf4 43. Rf1 Rxf3 44. Qxf4 R3xf4 45. Kg2 R8f6 46. Bf3 Bf8 47.
Ra5 Rb6 48. Ra2 e6 49. Rh1+ Kg7 50. Rh5 Kg6 51. Kg3 Bd6 52. Kg2 e5 53. Bxd5
Rxg4+ 54. Kf3 Rf4+ 0-1

[Event "V Torneo Settembre Vomero"]
[Site "Napoli ITA"]
[Date "2008.10.23"]
[Round "4"]
[White "Capozzoli, Silvio"]
[Black "Perelli, Giuseppe"]
[Result "1-0"]
[WhiteElo "1949"]
[BlackElo "1395"]
[PlyCount "37"]
[EventDate "2008.10.02"]

1. e4 c5 2. c4 Nc6 3. Nc3 d6 4. g3 e5 5. Bg2 Nf6 6. Nge2 Be7 7. O-O O-O 8. d3
h6 9. a3 Rb8 10. Nd5 Nxd5 11. exd5 Nd4 12. Nxd4 cxd4 13. Qh5 Bg5 14. f4 g6 15.
Qf3 Bf6 16. fxe5 Bg7 17. exd6 Qxd6 18. Bf4 Be5 19. Bxh6 1-0

[Event "V Torneo Settembre Vomero"]
[Site "Napoli ITA"]
[Date "2008.10.23"]
[Round "4"]
[White "De Meo, Guido"]
[Black "Longobardi, Giuseppe"]
[Result "1/2-1/2"]
[WhiteElo "1721"]
[BlackElo "2008"]
[PlyCount "67"]
[EventDate "2008.10.02"]

1. d4 f5 2. c4 Nf6 3. Nc3 g6 4. g3 Bg7 5. Bg2 O-O 6. Nf3 d6 7. O-O c6 8. Qb3
Kh8 9. Rd1 Qc7 10. Bf4 Nh5 11. Bg5 h6 12. Be3 Na6 13. d5 Rb8 14. Nd4 f4 15.
gxf4 Nxf4 16. Bxf4 Rxf4 17. e3 Rg4 18. h3 Rg5 19. Ne4 Nc5 20. Nxc5 dxc5 21. Nf3
Rh5 22. h4 Bf5 23. Rd2 cxd5 24. Rxd5 b5 25. Rad1 Kh7 26. cxb5 Be6 27. Rxc5 Rxc5
28. Qxe6 Rc1 29. Rxc1 Qxc1+ 30. Bf1 Qxb2 31. Bd3 Qf6 32. Qd5 Rf8 33. Kg2 Qd6
34. h5 1/2-1/2

[Event "V Torneo Settembre Vomero"]
[Site "Napoli ITA"]
[Date "2008.10.23"]
[Round "4"]
[White "De Rosa, Francesco"]
[Black "Accardo, Francesco"]
[Result "1-0"]
[WhiteElo "1940"]
[BlackElo "1865"]
[PlyCount "57"]
[EventDate "2008.10.02"]

1. d4 b5 2. e4 Bb7 3. Bd3 e6 4. Nd2 c5 5. dxc5 Bxc5 6. Ngf3 Nf6 7. Qe2 a6 8.
O-O Nc6 9. c4 bxc4 10. Bxc4 d5 11. exd5 Nxd5 12. Ne4 Be7 13. Rd1 O-O 14. Neg5
Qd7 15. Qe4 g6 16. Bxd5 exd5 17. Rxd5 Qc8 18. Bd2 h6 19. Nh7 Kxh7 20. Rh5 Qe6
21. Rxh6+ Kg7 22. Qf4 Bf6 23. Bc3 Rh8 24. Re1 Qxe1+ 25. Nxe1 Bxc3 26. Rxh8 Rxh8
27. bxc3 Rh5 28. Nd3 Rf5 29. Qd6 1-0

[Event "V Torneo Settembre Vomero"]
[Site "Napoli ITA"]
[Date "2008.10.23"]
[Round "4"]
[White "Esposito, Pino"]
[Black "Ricci, Giuseppe"]
[Result "0-1"]
[WhiteElo "1857"]
[BlackElo "1910"]
[PlyCount "110"]
[EventDate "2008.10.02"]

1. Nf3 d5 2. g3 Nf6 3. Bg2 c6 4. d4 Nbd7 5. O-O e6 6. c4 dxc4 7. a4 Be7 8. Nbd2
O-O 9. Nxc4 b5 10. axb5 cxb5 11. Na5 Qc7 12. Ne5 Nd5 13. Qb3 Nxe5 14. dxe5 Rb8
15. Bd2 Bd7 16. Rfc1 Qxe5 17. e4 Qd4 18. Rd1 Nb6 19. Be3 Qb4 20. Qxb4 Bxb4 21.
Nb3 Rb7 22. Nc5 Bxc5 23. Bxc5 Rc8 24. Bd6 Bc6 25. b3 Rd7 26. Rac1 h6 27. Bb4
Rxd1+ 28. Rxd1 Ba8 29. Ra1 Rc7 30. Ba5 Bb7 31. h4 Kh7 32. Bxb6 axb6 33. Kf1 Kg6
34. Ke1 Rc3 35. Ra7 Bc6 36. Rc7 b4 37. Kd2 e5 38. Bf1 Bxe4 39. Rxc3 bxc3+ 40.
Kxc3 Bc6 41. Bd3+ e4 42. Be2 Kf5 43. Kd4 g5 44. hxg5 hxg5 45. Bh5 Ke6 46. Be2
Kf5 47. Bh5 f6 48. Be2 Ke6 49. Bc4+ Kf5 50. Be2 g4 51. Bc4 Kg5 52. Bd5 Bxd5 53.
Kxd5 f5 54. b4 Kf6 55. Kd6 f4 0-1

[Event "V Torneo Settembre Vomero"]
[Site "Napoli ITA"]
[Date "2008.10.23"]
[Round "4"]
[White "Falco, Claudio"]
[Black "Cosenza, Gianni"]
[Result "0-1"]
[WhiteElo "1416"]
[BlackElo "1950"]
[PlyCount "118"]
[EventDate "2008.10.02"]

1. e4 e6 2. Nf3 d5 3. exd5 exd5 4. d4 Bg4 5. Be2 Bd6 6. Be3 Nd7 7. Nbd2 Ne7 8.
c4 c6 9. Bd3 f5 10. Bg5 O-O 11. Qc2 h6 12. Bh4 Qe8 13. Be2 g5 14. Bxg5 hxg5 15.
Nxg5 Bxe2 16. Kxe2 Qh5+ 17. Ndf3 Rae8 18. Rag1 Ng6+ 19. Kf1 Nf4 20. g4 fxg4 21.
Rxg4 Nf6 22. Rh4 Qg6 23. Qd1 Qd3+ 24. Qxd3 Nxd3 25. Rg1 Bb8 26. Ne6+ Kf7 27.
Nxf8 Rxf8 28. Ke2 dxc4 29. Rb1 Rg8 30. Nd2 b5 31. b3 Nf4+ 32. Rxf4 Bxf4 33.
bxc4 Bxd2 34. Kxd2 a6 35. cxb5 cxb5 36. Rc1 Rg2 37. Ke3 Rxh2 38. Rc6 Nd5+ 39.
Kf3 Rh3+ 40. Ke4 Nb4 41. Rc7+ Ke6 42. f3 Kd6 43. Rg7 Rh6 44. Rg2 Re6+ 45. Kf5
Nd5 46. Rd2 a5 47. Kg5 Rf6 48. Kg4 Rf4+ 49. Kg3 b4 50. Rd3 a4 51. Rd2 Rf7 52.
Rb2 Kc6 53. Rc2+ Nc3 54. a3 Kb5 55. axb4 Kxb4 56. Kg4 Kb3 57. Rf2 a3 58. f4 a2
59. Rf1 Nb1 0-1

[Event "V Torneo Settembre Vomero"]
[Site "Napoli ITA"]
[Date "2008.10.23"]
[Round "4"]
[White "Ficco, Corrado"]
[Black "Gallo, Thomas Renato"]
[Result "1-0"]
[WhiteElo "2140"]
[BlackElo "1878"]
[PlyCount "60"]
[EventDate "2008.10.02"]

1. e4 Nf6 2. e5 Nd5 3. d4 d6 4. Nf3 Bf5 5. Bd3 Qd7 6. O-O Nc6 7. Re1 h6 8. a3
Bxd3 9. Qxd3 e6 10. c4 Nb6 11. exd6 Bxd6 12. b4 Be7 13. b5 Nxd4 14. Nxd4 Bf6
15. Be3 O-O-O 16. c5 Na4 17. c6 Qd5 18. cxb7+ Qxb7 19. Ra2 Rd5 20. Qc2 Bxd4 21.
Qxa4 Bxe3 22. fxe3 Rxb5 23. Nc3 Rb3 24. Rc2 Rd8 25. Rec1 Rd7 26. Ne4 Rb6 27.
Nc5 Qc6 28. Qxc6 Rxc6 29. Nxd7 Rxc2 30. Rxc2 Kxd7 1-0

[Event "V Torneo Settembre Vomero"]
[Site "Napoli ITA"]
[Date "2008.10.23"]
[Round "4"]
[White "Improta, Giovanni"]
[Black "Caccaviello, Vincenzo"]
[Result "0-1"]
[WhiteElo "1887"]
[BlackElo "1700"]
[PlyCount "142"]
[EventDate "2008.10.02"]

1. d4 d5 2. c4 c6 3. Nf3 Nf6 4. e3 e6 5. Bd3 Be7 6. O-O O-O 7. Nc3 a6 8. b3
Nbd7 9. Qc2 Qc7 10. g3 e5 11. dxe5 Nxe5 12. Nxe5 Qxe5 13. Bb2 Qh5 14. f3 Bh3
15. Rf2 Bc5 16. Re1 Rae8 17. Bc1 d4 18. Ne4 Nxe4 19. Bxe4 dxe3 20. Rfe2 f5 21.
Bxe3 Bxe3+ 22. Rxe3 fxe4 23. fxe4 Rf3 24. c5 Rxe3 25. Rxe3 Kh8 26. b4 Qe5 27.
Qf2 Qf6 28. Qxf6 gxf6 29. Kf2 Kg7 30. Kf3 h5 31. Rd3 Re7 32. Kf4 Rd7 33. Re3
Rd2 34. e5 Rf2+ 35. Ke4 fxe5 36. Kxe5 Rxa2 37. Kd6 Kf6 38. Kc7 a5 39. Kxb7 axb4
40. Kxc6 Ra3 41. Re2 b3 42. Rb2 Ke5 43. Kb5 Kd5 44. Kb4 Ra8 45. Rd2+ Kc6 46.
Rd6+ Kc7 47. Kxb3 Rf8 48. Rd2 Kc6 49. Re2 Rf3+ 50. Kb4 Rf1 51. Re5 Rf5 52. Re6+
Kc7 53. Re7+ Kd8 54. Re2 Rd5 55. Rf2 Kc7 56. Kc4 Rd7 57. Kb5 Re7 58. Ra2 Bd7+
59. Kb4 Re4+ 60. Kc3 Kc6 61. Ra6+ Kxc5 62. Ra5+ Bb5 63. Ra2 Re3+ 64. Kb2 Re2+
65. Ka1 Rxa2+ 66. Kxa2 Bf1 67. Kb3 Kd4 68. Kc2 Ke3 69. Kd1 Kf2 70. Kd2 Kg2 71.
Ke1 Bc4 0-1

[Event "V Torneo Settembre Vomero"]
[Site "Napoli ITA"]
[Date "2008.10.23"]
[Round "4"]
[White "Lombardi, Ottavio"]
[Black "Esposito, Rosario"]
[Result "0-1"]
[WhiteElo "1766"]
[BlackElo "1869"]
[PlyCount "80"]
[EventDate "2008.10.02"]

1. d4 Nf6 2. c4 g6 3. Nc3 d5 4. cxd5 Nxd5 5. e4 Nxc3 6. bxc3 Bg7 7. Bc4 c5 8.
Be3 O-O 9. Ne2 Nc6 10. O-O Qc7 11. Rc1 b6 12. Qc2 Bb7 13. Rfd1 Na5 14. Bd3 c4
15. Bf4 e5 16. Bg3 Ba6 17. Bxc4 Qxc4 18. Rd2 Bh6 19. f4 exd4 20. cxd4 Rac8 21.
d5 Qxc2 22. Rdxc2 Rxc2 23. Rxc2 Bd3 24. Rd2 Bxe4 25. d6 Rd8 26. Bh4 Rd7 27. Be7
Bf8 28. Rd4 Bxe7 29. dxe7 Rxe7 30. Nc3 Bc6 31. Kf2 Rd7 32. Rxd7 Bxd7 33. Nd5
Kg7 34. Nc7 Nb7 35. Ke3 Nc5 36. h3 f5 37. a3 Kf7 38. g3 Bc6 39. g4 Ke7 40. Kd4
Kd6 0-1

[Event "V Torneo Settembre Vomero"]
[Site "Napoli ITA"]
[Date "2008.10.23"]
[Round "4"]
[White "Rosato, Luciano"]
[Black "La Gatta, Giovanni"]
[Result "1/2-1/2"]
[WhiteElo "2260"]
[BlackElo "2109"]
[PlyCount "74"]
[EventDate "2008.10.02"]

1. d4 Nf6 2. Nf3 e6 3. e3 c5 4. Bd3 b6 5. O-O Bb7 6. b3 Be7 7. Bb2 O-O 8. c4 d6
9. Nc3 cxd4 10. exd4 Nbd7 11. Qe2 Re8 12. Rad1 Bf8 13. Bb1 a6 14. Ne5 dxe5 15.
dxe5 Qc7 16. exf6 Nxf6 17. Ne4 Nxe4 18. Bxe4 Bxe4 19. Qxe4 Rad8 20. Qg4 Rxd1
21. Rxd1 Rd8 22. Rxd8 Qxd8 23. Qd4 Qc7 24. h3 a5 25. g4 f6 26. Qe4 Qd7 27. Bd4
b5 28. cxb5 e5 29. Bb6 Qxb5 30. Qc4+ Qxc4 31. bxc4 a4 32. Kf1 Kf7 33. Ke2 Ke6
34. Kd3 Bb4 35. Bc7 Kd7 36. Bb6 Ke6 37. Bc7 Kd7 1/2-1/2

[Event "V Torneo Settembre Vomero"]
[Site "Napoli ITA"]
[Date "2008.10.23"]
[Round "4"]
[White "Solombrino, Giovanni"]
[Black "Angelotti, Mario"]
[Result "1-0"]
[WhiteElo "1707"]
[BlackElo "1410"]
[PlyCount "77"]
[EventDate "2008.10.02"]

1. e4 c5 2. Nf3 d6 3. d4 cxd4 4. Nxd4 Nf6 5. Nc3 a6 6. Bg5 e6 7. f4 Be7 8. Qf3
O-O 9. O-O-O Ne8 10. Bxe7 Qxe7 11. Bd3 e5 12. Nd5 Qh4 13. Nf5 Bxf5 14. exf5 Nc6
15. g3 Nd4 16. Qe4 Qh6 17. c3 Nc6 18. f6 exf4 19. gxf4 Ne5 20. fxg7 Nxd3+ 21.
Rxd3 Nxg7 22. Rg1 Rae8 23. Qd4 f6 24. Rdg3 Kh8 25. Rxg7 Qxg7 26. Rxg7 Kxg7 27.
Nc7 Re1+ 28. Kd2 Rh1 29. Ne6+ Kf7 30. Nxf8 Rxh2+ 31. Kc1 Rh1+ 32. Kc2 Rh2+ 33.
Kb3 Rh5 34. Qxd6 a5 35. a4 b5 36. Nd7 bxa4+ 37. Kxa4 Rf5 38. Nf8 h5 39. Qd7+
1-0

[Event "V Torneo Settembre Vomero"]
[Site "Napoli ITA"]
[Date "2008.10.23"]
[Round "4"]
[White "Sorrentino, Michele"]
[Black "Capaldo, Salvatore"]
[Result "1-0"]
[WhiteElo "2039"]
[BlackElo "1532"]
[PlyCount "131"]
[EventDate "2008.10.02"]

1. Nf3 d5 2. d4 Nf6 3. c4 c6 4. Nc3 e6 5. e3 g6 6. Bd3 Bg7 7. O-O O-O 8. Qc2
Nbd7 9. b3 b6 10. Bb2 Bb7 11. Rad1 Qc8 12. Rc1 Qd8 13. Rfd1 Rc8 14. Qe2 Re8 15.
cxd5 Nxd5 16. Ne4 N7f6 17. Ng3 Nd7 18. Ba3 Qc7 19. Ne4 Bf8 20. Bb2 Bg7 21. a3
N7f6 22. b4 Nxe4 23. Bxe4 Qb8 24. Rc2 Qa8 25. Rdc1 a6 26. Bd3 Re7 27. Nd2 Rce8
28. Nc4 a5 29. bxa5 bxa5 30. Nd6 Rb8 31. Nxb7 Rexb7 32. Ba1 Rb1 33. Qd2 R8b6
34. e4 Ne7 35. Bf1 R6b3 36. Bc4 Rb6 37. Bc3 Qb8 38. Bxa5 Rxc1+ 39. Rxc1 Rb1 40.
Bb4 Rxc1+ 41. Qxc1 Qc7 42. Qd2 Nc8 43. a4 Nd6 44. Qd3 Nb7 45. Qb3 c5 46. Ba3
Bxd4 47. Qd3 Qd6 48. g3 Qd8 49. Qb3 Na5 50. Qc2 Qb6 51. Bb5 e5 52. Kg2 Nb7 53.
Bc1 Nd6 54. Qd3 Qb7 55. f3 Kg7 56. Bd2 f5 57. exf5 Nxf5 58. a5 Nd6 59. Ba4 e4
60. fxe4 Qxe4+ 61. Qxe4 Nxe4 62. a6 c4 63. Bc1 c3 64. Ba3 Nc5 65. Bxc5 Bxc5 66.
Kf3 $139 1-0

[Event "V Torneo Settembre Vomero"]
[Site "Napoli ITA"]
[Date "2008.10.23"]
[Round "4"]
[White "Vannini, Aldo"]
[Black "Pinto, Gaetano"]
[Result "0-1"]
[WhiteElo "1882"]
[BlackElo "2044"]
[PlyCount "78"]
[EventDate "2008.10.02"]

1. e4 e6 2. d4 d5 3. Nc3 dxe4 4. Nxe4 Nd7 5. Nf3 Ngf6 6. Bd3 Nxe4 7. Bxe4 Nf6
8. Bd3 c5 9. dxc5 Bxc5 10. O-O O-O 11. Qe2 Qc7 12. c4 b6 13. Bg5 Bb7 14. Bxf6
gxf6 15. Be4 Rfd8 16. Bxb7 Qxb7 17. Rfd1 Qc7 18. h3 Rxd1+ 19. Rxd1 Rd8 20.
Rxd8+ Qxd8 21. Qd2 Qc7 22. b3 Kg7 23. Qd3 Qf4 24. Qd2 Qe4 25. Nh2 Qb1+ 26. Nf1
a6 27. Qe2 a5 28. g3 a4 29. bxa4 Kf8 30. Kg2 Qb4 31. Qc2 Qe1 32. Nh2 Qa5 33.
Ng4 Qa8+ 34. Kh2 Qf3 35. Qd2 Ke7 36. Ne3 h5 37. h4 f5 38. Qc3 Qxf2+ 39. Kh3
Bxe3 0-1

[Event "V Torneo Settembre Vomero"]
[Site "Napoli ITA"]
[Date "2008.10.30"]
[Round "5"]
[White "Angelotti, Mario"]
[Black "Improta, Giovanni"]
[Result "0-1"]
[WhiteElo "1410"]
[BlackElo "1887"]
[PlyCount "74"]
[EventDate "2008.10.02"]

1. e4 Nf6 2. e5 Nd5 3. Nf3 d6 4. Bc4 Nb6 5. b3 Nxc4 6. bxc4 Bg4 7. Bb2 dxe5 8.
Bxe5 f6 9. Bg3 e5 10. Qe2 Bd6 11. Nc3 O-O 12. c5 Be7 13. Qc4+ Kh8 14. Qxg4 Bxc5
15. O-O Nc6 16. Nh4 Nd4 17. Nf5 Qd7 18. h3 Qxf5 19. Rab1 Qxg4 20. hxg4 b6 21.
Nb5 Ne2+ 22. Kh2 Nxg3 23. Kxg3 e4 24. Nxc7 Bd6+ 25. f4 exf3+ 26. Kxf3 Bxc7 27.
Ke4 Rfe8+ 28. Kd3 Rad8+ 29. Kc3 Rd5 30. d3 Be5+ 31. Kd2 g5 32. c4 Rd4 33. Kc2
Rxg4 34. Rbe1 Rxg2+ 35. Kb3 Rd8 36. Re3 Rd2 37. Rh1 R8xd3+ 0-1

[Event "V Torneo Settembre Vomero"]
[Site "Napoli ITA"]
[Date "2008.10.30"]
[Round "5"]
[White "Caccaviello, Vincenzo"]
[Black "Caiazzo, Diego"]
[Result "0-1"]
[WhiteElo "1700"]
[BlackElo "1902"]
[PlyCount "154"]
[EventDate "2008.10.02"]

1. e4 e6 2. d4 d5 3. Nc3 dxe4 4. Nxe4 Nd7 5. Nf3 Ngf6 6. Nxf6+ Nxf6 7. Bd3 c5
8. dxc5 Bxc5 9. Qe2 Qc7 10. Bg5 Be7 11. O-O O-O 12. Rad1 h6 13. Bh4 Rd8 14. Bg3
Qb6 15. b3 Bd7 16. a4 Be8 17. Ne5 a6 18. Nc4 Qc5 19. Qe5 Qxe5 20. Bxe5 Nd5 21.
Be4 Rac8 22. Na5 b6 23. Nc4 b5 24. axb5 axb5 25. Ne3 Nxe3 26. fxe3 b4 27. Rxd8
Rxd8 28. Bd3 Bc5 29. Re1 Bc6 30. Kf2 Kf8 31. g4 f6 32. Bg3 e5 33. Ke2 e4 34.
Bc4 Ke7 35. Ra1 Rd7 36. Ra5 Bb6 37. Ra6 Rb7 38. Be1 Kd7 39. Bxb4 Bxe3 40. Kxe3
Rxb4 41. Ra7+ Rb7 42. Rxb7+ Bxb7 43. Bb5+ Kd6 44. Kd4 Bd5 45. h3 Bb7 46. c4 Kc7
47. c5 e3 48. Bf1 Bg2 49. Be2 Bxh3 50. Kxe3 f5 51. gxf5 Bxf5 52. Kf4 Be6 53. b4
g5+ 54. Kg3 Kc6 55. Bf3+ Kb5 56. Be2+ Kxb4 57. c6 Kc5 58. c7 Kb6 59. Bc4 Bc8
60. Be2 Kxc7 61. Bh5 Kd6 62. Kf3 Ke5 63. Ke3 Bf5 64. Be2 g4 65. Bf1 Be4 66. Be2
h5 67. Bd1 Bf5 68. Be2 h4 69. Kf2 Kf4 70. Kg2 Be4+ 71. Kh2 Bf3 72. Bf1 Ke3 73.
Kg1 Be2 74. Bg2 h3 75. Bc6 Bf3 76. Bd7 Kf4 77. Kh2 Bg2 0-1

[Event "V Torneo Settembre Vomero"]
[Site "Napoli ITA"]
[Date "2008.10.30"]
[Round "5"]
[White "Capaldo, Salvatore"]
[Black "Benedetto, Massimo"]
[Result "0-1"]
[WhiteElo "1532"]
[BlackElo "2032"]
[PlyCount "56"]
[EventDate "2008.10.02"]

1. e4 Nf6 2. Nc3 d5 3. exd5 Nxd5 4. Nxd5 Qxd5 5. Nf3 Bf5 6. d3 Nc6 7. c3 e5 8.
Be2 O-O-O 9. O-O Bxd3 10. Bxd3 Qxd3 11. Qb3 Qd5 12. Qa4 e4 13. Ne1 Bc5 14. Nc2
Kb8 15. Be3 f5 16. g3 Bxe3 17. Nxe3 Qe6 18. Ng2 g5 19. Rfe1 Ne5 20. Kh1 Rd2 21.
Red1 Rxf2 22. Rd4 c5 23. Rdd1 Nd3 24. Qa5 b6 25. Qb5 Rxb2 26. Qa4 Nf2+ 27. Kg1
Nxd1 28. Rxd1 Qxa2 0-1

[Event "V Torneo Settembre Vomero"]
[Site "Napoli ITA"]
[Date "2008.10.30"]
[Round "5"]
[White "Cosenza, Gianni"]
[Black "De Meo, Guido"]
[Result "1/2-1/2"]
[WhiteElo "1950"]
[BlackElo "1721"]
[PlyCount "44"]
[EventDate "2008.10.02"]

1. e4 c5 2. Nf3 d6 3. d4 cxd4 4. Nxd4 Nf6 5. Nc3 a6 6. Be2 e5 7. Nb3 b5 8. a4
b4 9. Nd5 Bb7 10. Bf3 Bxd5 11. exd5 Nbd7 12. a5 Be7 13. Be3 O-O 14. O-O Qc7 15.
Qd2 Rab8 16. Be2 Ne4 17. Qd3 Ndc5 18. Nxc5 Nxc5 19. Qc4 Rfc8 20. Qg4 Qb7 21.
Rfd1 Bf6 22. Bg5 Qe7 1/2-1/2

[Event "V Torneo Settembre Vomero"]
[Site "Napoli ITA"]
[Date "2008.10.30"]
[Round "5"]
[White "D'Errico, Francesco"]
[Black "Romano, Filippo"]
[Result "0-1"]
[WhiteElo "1682"]
[BlackElo "1682"]
[PlyCount "80"]
[EventDate "2008.10.02"]

1. d4 d5 2. Bf4 Nf6 3. e3 e6 4. Bd3 Bd6 5. Bg3 Bxg3 6. hxg3 h6 7. Nf3 Nbd7 8.
Nbd2 c6 9. c3 Qc7 10. e4 dxe4 11. Nxe4 Nxe4 12. Bxe4 Nf6 13. Bd3 b6 14. Qe2 Bb7
15. Qe5 Qxe5+ 16. Nxe5 Nd7 17. Be4 Nxe5 18. dxe5 O-O-O 19. Rd1 Rxd1+ 20. Kxd1
Rd8+ 21. Kc2 c5 22. Bf3 Kc7 23. g4 Bd5 24. b3 b5 25. Rh3 Rd7 26. Rg3 a5 27. Be2
Be4+ 28. Bd3 Bxd3+ 29. Rxd3 c4 30. bxc4 bxc4 31. Rd4 Rxd4 32. cxd4 Kc6 33. Kc3
Kd5 34. f3 f6 35. a4 fxe5 36. dxe5 g5 37. g3 Kc5 38. f4 Kd5 39. f5 exf5 40.
gxf5 Kxe5 0-1